Monumenta sinica, 1546-1562 /

Monumenta Historica Societatis Iesu es un proyecto editorial de la Compañía de Jesús que está orientado a la recuperación sistemática de las fuentes documentales primarias para el estudio del desarrollo histórico de la orden. El proyecto fue impulsado en la Congregación General XXIV (1892) de la Com...

Бүрэн тодорхойлолт

-д хадгалсан:
Номзүйн дэлгэрэнгүй
Байгууллагын зохиогч: Compañía de Jesús
Бусад зохиолчид: Witek, John W. (edición) (edición), Sebes, Joseph S. (edición) (edición)
Формат: Ном
Хэл сонгох:англи
Хэвлэсэн: Roma, Italia : Compañía de Jesús, 2002, c2002
Цуврал:(Monumenta Historica Societatis Iesu ; 153)
(Monumenta Sinica ; 1)
(Monumenta Missionum Societatis Iesu ; Misiones Orientales) 66.
Нөхцлүүд:
Шошгууд: Шошго нэмэх
Шошго байхгүй, Энэхүү баримтыг шошголох эхний хүн болох!

MARC

LEADER 00000nam^a2200000^a^4500
001 000315999
005 20250526000000.0
009 20260310113300.453
020 |a 88-7041-153-6 
037 |a Acervo ITESO - Biblioteca 
041 |a ING 
082 |a 255. 53  |b MON S. 1 V. 153 
110 |a Compañía de Jesús 
240 1 1 |a [Monumenta Historica Societatis Iesu] 
240 1 1 |a [Monumenta sinica] 
240 1 1 |a [Monumenta missionum] 
245 1 0 |a Monumenta sinica, 1546-1562 /  |c Compañía de Jesús ; ed. de J.W. Witek, J.S. Sebes. 
264 4 |a Roma, Italia :  |b Compañía de Jesús,  |c 2002, c2002 
300 |a 498 p. ;  |c 24.0 cm. 
336 |a texto  |b txt  |2 rdacontenido 
337 |a sin mediación  |b n  |2 rdamedio 
338 |a volumen  |b nc  |2 rdasoporte 
440 1 |a (Monumenta Historica Societatis Iesu ;  |v 153) 
440 1 |a (Monumenta Sinica ;  |v 1) 
440 1 |a (Monumenta Missionum Societatis Iesu ;  |v 66.  |p Misiones Orientales) 
520 |a Monumenta Historica Societatis Iesu es un proyecto editorial de la Compañía de Jesús que está orientado a la recuperación sistemática de las fuentes documentales primarias para el estudio del desarrollo histórico de la orden. El proyecto fue impulsado en la Congregación General XXIV (1892) de la Compañía, cuando el padre Luis Martín García S.J. (1846-1906) fuera electo superior de la orden, y su publicación inició dos años después en Madrid, España. La Monumenta está dividida básicamente en cuatro tipos de volúmenes: 1) Los escritos de San Ignacio de Loyola, fundador de la Compañía de Jesús; 2) Fuentes primarias de los contemporáneos de San Ignacio; 3) La Monumenta paedagogica y 4) Las Monumenta sobre varias de las provincias en que está organizada la orden. 
546 |a Edición multilingüe 
649 |a XX 
650 |a Jesuitas en China -  |x Historia -  |x Documentos 
650 |a Jesuitas en China -  |x Historia -  |y Siglo XVI -  |x Tema Principal 
650 |a Jesuitas -  |x Historia -  |x Documentos -  |x Tema Principal 
650 |a Monasticismo y Ordenes Religiosas -  |z China -  |x Historia -  |y Siglo XVI 
650 |a Iglesia Católica en China -  |x Historia -  |y Siglo XVI 
650 |a Misiones -  |z China -  |x Historia -  |y Siglo XVI 
650 |a Evangelización -  |z China -  |x Historia -  |y Siglo XVI 
650 |a Catolicismo -  |z China -  |x Historia -  |y Siglo XVI 
650 |a Cristianismo -  |z China -  |x Historia -  |y Siglo XVI 
650 |a Religión -  |z China -  |x Historia -  |y Siglo XVI 
650 |a China -  |x Historia -  |x Documentos 
650 |a China -  |x Historia -  |y Siglo XVI 
650 |a China -  |x Historia -  |y Dinastía Ming, 1368-1644 
650 |a China -  |x Historia -  |y Período Medieval, 907-1644 
700 |a Witek, John W.  |e (edición) 
700 |a Sebes, Joseph S.  |e (edición) 
910 |a Fondo General 
920 |a Impresos - Libros 
930 |a Libros Antiguos y Raros 
940 |a Jesuitas 
905 |a 108 
901 |a 0500202927  |b IT2  |c LRA  |i C129706  |u 20250526 
902 |a https://opac.biblio.iteso.mx/vufind/Record/000315999